[Event "32. Open Barbera del Valles 2009"]
[Site "Barbera del Valles ESP"]
[Date "2009.07.10"]
[Round "7.10"]
[White "Ipatov, Alexander"]
[Black "Javakhadze, Zurab"]
[Result "1-0"]
[WhiteElo "2454"]
[BlackElo "2309"]
[PlyCount "81"]
[EventDate "2009.07.04"]
[EventType "swiss"]
[EventRounds "9"]
[EventCountry "ESP"]
[Source "lmi"]
[SourceDate "2009.07.04"]

1. d4 d5 2. c4 e6 3. Nc3 Be7 4. Nf3 Nf6 5. Bg5 O-O 6. Qc2 a6 7. cxd5 exd5 8. e3
c6 9. Bd3 h6 10. Bf4 Re8 11. h3 Bd6 12. O-O-O Bxf4 13. exf4 Nbd7 14. g4 Nf8 15.
Rhg1 Qd6 16. Ne5 c5 17. dxc5 Qxc5 18. Nxd5 Qxd5 19. Bc4 Rxe5 20. Bxd5 Rxd5 21.
Rxd5 Nxd5 22. Qd2 Nf6 23. g5 hxg5 24. fxg5 Ne4 25. Qd5 Nxf2 26. g6 Be6 27.
gxf7+ Bxf7 28. Qd4 Rc8+ 29. Kd2 g6 30. Qxf2 Bxa2 31. Qb6 Bf7 32. Qxb7 Rd8+ 33.
Kc3 a5 34. h4 Rd5 35. Rg5 Rd7 36. Qc6 Re7 37. Rxa5 Ne6 38. Qd6 Rc7+ 39. Kb4 Rc2
40. Ra8+ Kg7 41. Qe5+ 1-0

[Event "32. Open Barbera del Valles 2009"]
[Site "Barbera del Valles ESP"]
[Date "2009.07.10"]
[Round "7.11"]
[White "Matnadze, Ana"]
[Black "Lorenzo De La Riva, Lazaro"]
[Result "1-0"]
[WhiteElo "2413"]
[BlackElo "2331"]
[PlyCount "105"]
[EventDate "2009.07.04"]
[EventType "swiss"]
[EventRounds "9"]
[EventCountry "ESP"]
[Source "lmi"]
[SourceDate "2009.07.04"]

1. d4 Nf6 2. c4 e6 3. Nf3 c5 4. g3 cxd4 5. Nxd4 Qc7 6. Nc3 a6 7. e4 Nc6 8. Bg2
Nxd4 9. Qxd4 Bc5 10. Qd1 Be7 11. O-O d6 12. Bf4 Nd7 13. Rc1 Ne5 14. Na4 b6 15.
Be3 Rb8 16. f4 Nd7 17. f5 Ne5 18. g4 h5 19. gxh5 Bd7 20. b3 Bc6 21. h6 gxh6 22.
fxe6 fxe6 23. Qh5+ Kd7 24. Nc3 Rbg8 25. Nd5 Qb7 26. Qh3 Rg4 27. Rf7 exd5 28.
cxd5 Bxd5 29. exd5 Rhg8 30. Rf4 Bg5 31. Rxg4 Bxe3+ 32. Qxe3 Rxg4 33. Kh1 Rg6
34. Be4 Rf6 35. Qg3 Ke7 36. Qg7+ Rf7 37. Qxh6 Qd7 38. Qh4+ Ke8 39. Re1 Qe7 40.
Qh8+ Rf8 41. Qh3 Kd8 42. Rc1 Nd7 43. Bg2 Qg5 44. Qc3 Nc5 45. b4 Rf2 46. Rg1 Nd7
47. a4 Ne5 48. Bh3 Ng4 49. Rxg4 Qxd5+ 50. Kg1 Rf8 51. Qd4 Qc6 52. Bf1 b5 53. a5
1-0

[Event "32. Open Barbera del Valles 2009"]
[Site "Barbera del Valles ESP"]
[Date "2009.07.10"]
[Round "7.12"]
[White "Mihailovs, Jurijs"]
[Black "Abhishek, Kelkar"]
[Result "1-0"]
[WhiteElo "2408"]
[BlackElo "2158"]
[PlyCount "87"]
[EventDate "2009.07.04"]
[EventType "swiss"]
[EventRounds "9"]
[EventCountry "ESP"]
[Source "lmi"]
[SourceDate "2009.07.04"]

1. d4 d5 2. c4 c6 3. Nc3 Nf6 4. e3 e6 5. Qc2 Nbd7 6. Bd2 Bd6 7. Bd3 dxc4 8.
Bxc4 e5 9. Nge2 O-O 10. O-O-O Nb6 11. Bd3 c5 12. dxc5 Bxc5 13. Ne4 Nxe4 14.
Bxe4 Qe7 15. Bxh7+ Kh8 16. Bf5 Nc4 17. Bc3 Bxe3+ 18. fxe3 Nxe3 19. Qe4 Nxf5 20.
Kb1 Qh4 21. Qxe5 f6 22. Qc5 Be6 23. Ng3 Rac8 24. Qb4 Qxb4 25. Bxb4 Rfd8 26.
Rde1 Bc4 27. Bc3 Bd3+ 28. Ka1 Kg8 29. Nxf5 Bxf5 30. g4 Bd7 31. g5 Bc6 32. Rhg1
fxg5 33. Rxg5 Rd7 34. Reg1 Re8 35. Bxg7 Kf7 36. Rf1+ Kg8 37. Bf6+ Kh7 38. Rfg1
Bf3 39. b3 Re6 40. Bc3 Kh6 41. R1g3 Re2 42. Bg7+ Kh7 43. Rh3+ Kg8 44. Bc3+ 1-0

[Event "32. Open Barbera del Valles 2009"]
[Site "Barbera del Valles ESP"]
[Date "2009.07.10"]
[Round "7.16"]
[White "Alonso Moyano, Jonathan"]
[Black "Sanchez Romero, Miquel Angel"]
[Result "1-0"]
[WhiteElo "2365"]
[BlackElo "2251"]
[PlyCount "109"]
[EventDate "2009.07.04"]
[EventType "swiss"]
[EventRounds "9"]
[EventCountry "ESP"]
[Source "lmi"]
[SourceDate "2009.07.04"]

1. e4 e5 2. Nc3 Nc6 3. g3 Bc5 4. Bg2 Nf6 5. Na4 d6 6. Ne2 O-O 7. d3 a6 8. Nxc5
dxc5 9. Be3 Qd6 10. O-O Be6 11. b3 Nd7 12. f4 f6 13. c3 Rad8 14. d4 cxd4 15.
cxd4 exd4 16. Nxd4 Nxd4 17. Qxd4 Qxd4 18. Bxd4 Nb8 19. Bc5 Rfe8 20. h3 Rd3 21.
g4 Red8 22. Rf2 Nc6 23. Kh2 a5 24. Rc1 Rd2 25. Rc2 Rxf2 26. Bxf2 Rd7 27. Bg3
Nd4 28. Rf2 c5 29. f5 Bf7 30. e5 fxe5 31. Bxe5 Bd5 32. Rd2 Bc6 33. Bxc6 bxc6
34. Kg2 Rd5 35. Bxd4 cxd4 36. Kf3 a4 37. b4 d3 38. Ke4 Rb5 39. a3 c5 40. bxc5
Rxc5 41. Rxd3 Rc4+ 42. Ke5 h6 43. f6 gxf6+ 44. Kxf6 Rc6+ 45. Kf5 Rb6 46. h4 Rb3
47. Rd4 Rxa3 48. Kg6 Kf8 49. Kxh6 Rh3 50. h5 a3 51. Ra4 Rh4 52. Ra8+ Kf7 53. g5
Rh3 54. g6+ Kf6 55. g7 1-0

[Event "32. Open Barbera del Valles 2009"]
[Site "Barbera del Valles ESP"]
[Date "2009.07.10"]
[Round "7.18"]
[White "Meera, Sai"]
[Black "Kulkarni, Chinmay"]
[Result "0-1"]
[WhiteElo "2148"]
[BlackElo "2259"]
[PlyCount "100"]
[EventDate "2009.07.04"]
[EventType "swiss"]
[EventRounds "9"]
[EventCountry "ESP"]
[Source "lmi"]
[SourceDate "2009.07.04"]

1. e4 c5 2. Nc3 a6 3. Nf3 d6 4. d4 cxd4 5. Nxd4 Nf6 6. f4 e6 7. Be2 Nc6 8. Be3
Qc7 9. O-O Be7 10. Kh1 O-O 11. Qe1 Nxd4 12. Bxd4 b5 13. a3 Bb7 14. Qg3 Bc6 15.
Rae1 Qb7 16. Bd3 b4 17. axb4 Qxb4 18. Bxf6 Bxf6 19. e5 dxe5 20. fxe5 Bh4 21.
Qh3 h6 22. Na2 Qxe1 23. Rxe1 Bxe1 24. Qe3 Bh4 25. Nc3 Rfb8 26. b3 a5 27. Qc5
Rc8 28. Qd4 Be7 29. h3 Rab8 30. Ne4 Rb4 31. Qe3 Rd8 32. Nd6 Bxd6 33. exd6 Rxd6
34. Qe5 Rbd4 35. Qxa5 g6 36. b4 Rd7 37. b5 Bb7 38. b6 R4d5 39. Qa7 Rg5 40. Bf1
Kh7 41. Kh2 Rf5 42. Bd3 Rf2 43. Kg3 Rxg2+ 44. Kf4 Rf2+ 45. Ke3 Rf3+ 46. Ke2 Rf4
47. Qb8 Rb4 48. Qe8 Bc6 49. c4 Rxb6 50. Be4 Rd2+ 0-1

[Event "32. Open Barbera del Valles 2009"]
[Site "Barbera del Valles ESP"]
[Date "2009.07.10"]
[Round "7.20"]
[White "Capellades Subirana, Marc"]
[Black "Orzech, Dominik"]
[Result "1-0"]
[WhiteElo "2210"]
[BlackElo "2466"]
[PlyCount "77"]
[EventDate "2009.07.04"]
[EventType "swiss"]
[EventRounds "9"]
[EventCountry "ESP"]
[Source "lmi"]
[SourceDate "2009.07.04"]

1. e4 c5 2. Nf3 Nf6 3. e5 Nd5 4. Nc3 e6 5. d3 Nc6 6. Ne4 f5 7. exf6 Nxf6 8. Bg5
d5 9. Nxf6+ gxf6 10. Bh4 e5 11. Be2 Be6 12. Nd2 Bh6 13. Bh5+ Kd7 14. Nb3 Qb6
15. O-O Raf8 16. Kh1 a5 17. Bg3 a4 18. Nd2 Kc8 19. c4 Qxb2 20. cxd5 Bxd5 21.
Nc4 Bxc4 22. dxc4 a3 23. Rb1 Qxa2 24. Qa4 Nb4 25. Qb5 Kb8 26. Qxc5 Bd2 27. Ra1
Qb2 28. Rab1 Qc3 29. Bf3 Rf7 30. Qd6+ Ka8 31. Qe6 Rhf8 32. Bh5 Rc7 33. Qd6 Rcc8
34. Bf3 a2 35. Qd7 Rc6 36. Bxc6 bxc6 37. Rbd1 Rb8 38. Qxd2 a1=Q 39. Rxa1+ 1-0

[Event "32. Open Barbera del Valles 2009"]
[Site "Barbera del Valles ESP"]
[Date "2009.07.10"]
[Round "7.21"]
[White "Garcia Roman, Daniel"]
[Black "Garcia Gil, Javier"]
[Result "1-0"]
[WhiteElo "2464"]
[BlackElo "2203"]
[PlyCount "119"]
[EventDate "2009.07.04"]
[EventType "swiss"]
[EventRounds "9"]
[EventCountry "ESP"]
[Source "lmi"]
[SourceDate "2009.07.04"]

1. d4 Nf6 2. c4 g6 3. Nc3 d5 4. Nf3 Bg7 5. Bf4 O-O 6. e3 c5 7. dxc5 Qa5 8. Rc1
dxc4 9. Bxc4 Qxc5 10. Bb3 Nc6 11. O-O Qa5 12. h3 Bf5 13. Ng5 e5 14. Bh2 Rad8
15. Bxf7+ Rxf7 16. Qb3 Rdd7 17. g4 Bd3 18. Rfd1 Qb6 19. Nxf7 Qxb3 20. axb3 Kxf7
21. g5 Nh5 22. Ne4 Rd5 23. Nc3 Rd7 24. Ne4 Rd5 25. Nc3 Rd8 26. f3 Ke8 27. Na4
Be2 28. Rxd8+ Kxd8 29. Kf2 Bb5 30. Rd1+ Ke7 31. Nc3 a6 32. Nd5+ Ke6 33. Nc7+
Ke7 34. Nd5+ Ke6 35. h4 Bf8 36. Nc7+ Ke7 37. Nxb5 axb5 38. Rd5 Bg7 39. Rxb5 Nd8
40. Bxe5 Bxe5 41. Rxe5+ Kd6 42. Re8 Ne6 43. Rb8 Nc5 44. b4 Nd3+ 45. Ke2 Nxb4
46. Rxb7 Nd5 47. Rxh7 Ne7 48. e4 Nf4+ 49. Ke3 Ng2+ 50. Kd2 Nc6 51. h5 Ne5 52.
hxg6 Nxg6 53. Rh6 N2f4 54. b4 Ke5 55. b5 Nf8 56. b6 Nd7 57. b7 Ne6 58. g6 Ng7
59. Rh8 Kf6 60. Rd8 1-0

[Event "32. Open Barbera del Valles 2009"]
[Site "Barbera del Valles ESP"]
[Date "2009.07.10"]
[Round "7.22"]
[White "Ravot, Sylvain"]
[Black "Vigo Allepuz, David"]
[Result "1-0"]
[WhiteElo "2276"]
[BlackElo "2156"]
[PlyCount "171"]
[EventDate "2009.07.04"]
[EventType "swiss"]
[EventRounds "9"]
[EventCountry "ESP"]
[Source "lmi"]
[SourceDate "2009.07.04"]

1. e4 e6 2. d4 d5 3. Nd2 dxe4 4. Nxe4 b6 5. Nf3 Bb7 6. Bb5+ c6 7. Bd3 Nf6 8.
Bf4 Nxe4 9. Bxe4 Nd7 10. Qe2 Nf6 11. Bd3 Bd6 12. Bg5 Qc7 13. Ne5 O-O-O 14. Bc4
Kb8 15. c3 h6 16. Bh4 g5 17. Bg3 Nd5 18. Bb3 f5 19. c4 f4 20. cxd5 exd5 21.
O-O-O fxg3 22. hxg3 c5 23. Ng6 Rhe8 24. Qf3 cxd4+ 25. Kb1 Qg7 26. Qf5 Bc8 27.
Qd3 Qf7 28. Bc2 Re4 29. f3 Re3 30. Qxd4 Bc5 31. Qd2 Bf5 32. Rxh6 Bxc2+ 33. Qxc2
Rde8 34. Nh8 Qg7 35. Qg6 Qe5 36. Nf7 Qxg3 37. Qxg5 Qxg5 38. Nxg5 Re1 39. Rh1
Rxh1 40. Rxh1 Re2 41. Rd1 Be3 42. Rxd5 Rxg2 43. Ne4 Kc7 44. Rf5 Bd4 45. Nc3 a6
46. Rf7+ Kc6 47. f4 Rf2 48. Nd1 Rh2 49. Rf8 Kd5 50. f5 a5 51. f6 Ke6 52. f7 Bc5
53. Rb8 Kxf7 54. Nc3 Ke6 55. Na4 Kd5 56. Nxb6+ Ke4 57. Na4 Bd4 58. Rb5 Kd3 59.
a3 Kc4 60. Rxa5 Kb3 61. Rb5+ Kc4 62. Rb4+ Kd3 63. Ka2 Rc2 64. Nb6 Rc6 65. Nd5
Rd6 66. Nc7 Rc6 67. Nb5 Bc5 68. Rh4 Be7 69. Rd4+ Ke3 70. Rd7 Bf6 71. Rd6 Rxd6
72. Nxd6 Kd4 73. Kb3 Kd5 74. Nb5 Kc5 75. Nc3 Kc6 76. Kc4 Bg5 77. a4 Kb6 78. b4
Ka6 79. Ne4 Bd8 80. Nc5+ Kb6 81. a5+ Ka7 82. Ne6 Bh4 83. b5 Be1 84. b6+ Ka6 85.
Nc7+ Kb7 86. Kb5 1-0

[Event "32. Open Barbera del Valles 2009"]
[Site "Barbera del Valles ESP"]
[Date "2009.07.10"]
[Round "7.23"]
[White "Colon Garcia, Enrique"]
[Black "Martin Grillo, Ruben"]
[Result "1/2-1/2"]
[WhiteElo "2173"]
[BlackElo "2218"]
[PlyCount "55"]
[EventDate "2009.07.04"]
[EventType "swiss"]
[EventRounds "9"]
[EventCountry "ESP"]
[Source "lmi"]
[SourceDate "2009.07.04"]

1. e4 c5 2. Nf3 d6 3. d4 cxd4 4. Nxd4 Nf6 5. Nc3 a6 6. Be2 e5 7. Nb3 Be7 8. O-O
O-O 9. Re1 Be6 10. Bf3 a5 11. a4 Na6 12. Nd5 Nxd5 13. exd5 Bf5 14. c3 Bg6 15.
Be3 f5 16. Be2 f4 17. Bc1 Qb6 18. Nd2 Bh4 19. Rf1 e4 20. Nc4 Qc5 21. b3 Nc7 22.
Ba3 Qxd5 23. Bxd6 f3 24. Bxc7 Qc6 25. Bg3 fxe2 26. Qxe2 Bf6 27. Rac1 Rfd8 28.
Be5 1/2-1/2

[Event "32. Open Barbera del Valles 2009"]
[Site "Barbera del Valles ESP"]
[Date "2009.07.10"]
[Round "7.25"]
[White "Alonso Gonzalez, Carlos"]
[Black "Sanchez Jerez, Emilio Miguel"]
[Result "1-0"]
[WhiteElo "2138"]
[BlackElo "2212"]
[PlyCount "141"]
[EventDate "2009.07.04"]
[EventType "swiss"]
[EventRounds "9"]
[EventCountry "ESP"]
[Source "lmi"]
[SourceDate "2009.07.04"]

1. e4 e5 2. Nf3 Nc6 3. Bc4 Nf6 4. d3 Be7 5. O-O O-O 6. Re1 d6 7. a4 Bg4 8. h3
Bh5 9. c3 d5 10. exd5 Nxd5 11. a5 Nf4 12. d4 Bd6 13. Bxf4 exf4 14. Nbd2 Rb8 15.
Qa4 a6 16. b4 Ra8 17. b5 Ne7 18. bxa6 bxa6 19. Rab1 Kh8 20. Qc2 h6 21. Ra1 g5
22. Nh2 f5 23. f3 Bg6 24. Bd3 Nd5 25. Nc4 Qf6 26. Nf1 h5 27. Ne5 Be8 28. Qb3 c6
29. c4 Rb8 30. Qd1 Nb4 31. c5 Bc7 32. Qd2 Bf7 33. Bxa6 Nxa6 34. Nd7 Qg7 35.
Nxf8 Rxf8 36. Qd3 Ra8 37. Qxf5 Bd5 38. h4 Nb4 39. Rab1 Bxa5 40. Qxg5 Qxg5 41.
hxg5 Nc2 42. Re7 Rg8 43. Rbb7 Rxg5 44. Rh7+ Kg8 45. Rhd7 Rf5 46. Rg7+ Kh8 47.
Rh7+ Kg8 48. Rhg7+ Kf8 49. Rh7 Rf7 50. Rb8+ Ke7 51. Rxh5 Bc3 52. Rb7+ Kf6 53.
Rh6+ Kg7 54. Rxf7+ Kxf7 55. Rh4 Bxd4+ 56. Kh1 Be3 57. Nh2 Kg6 58. Ng4 Kg5 59.
Rh7 Bxc5 60. Ne5 Be3 61. Rc7 Nd4 62. Nd3 Nf5 63. Nb4 Bb6 64. Rb7 Bf2 65. Rc7
Ng3+ 66. Kh2 Nf1+ 67. Kh1 Bb6 68. Rb7 Bf2 69. Re7 Bb6 70. Rb7 Bf2 71. Re7 1-0

[Event "32. Open Barbera del Valles 2009"]
[Site "Barbera del Valles ESP"]
[Date "2009.07.10"]
[Round "7.26"]
[White "Anuprita, Patil"]
[Black "Castro Exposito, Cristobal"]
[Result "1-0"]
[WhiteElo "2059"]
[BlackElo "2027"]
[PlyCount "151"]
[EventDate "2009.07.04"]
[EventType "swiss"]
[EventRounds "9"]
[EventCountry "ESP"]
[Source "lmi"]
[SourceDate "2009.07.04"]

1. e4 e6 2. d4 d5 3. Nc3 Nf6 4. Bg5 Be7 5. e5 Nfd7 6. Bxe7 Qxe7 7. f4 O-O 8.
Qd2 a6 9. Nf3 c5 10. dxc5 Nc6 11. Bd3 Nxc5 12. O-O-O b5 13. Kb1 b4 14. Ne2 a5
15. Ned4 Nxd4 16. Nxd4 Ba6 17. Qe3 Rfc8 18. g3 a4 19. Rhg1 b3 20. Bxa6 bxc2+
21. Nxc2 Rxa6 22. Nb4 Rb6 23. a3 Rcb8 24. Rc1 Na6 25. Qxb6 Rxb6 26. Rc8+ Qf8
27. Rxf8+ Kxf8 28. Nxa6 Rxa6 29. Rc1 Ra8 30. Rc5 f6 31. exf6 gxf6 32. f5 Ke7
33. Rb5 Kf7 34. Kc2 exf5 35. Rxd5 Ke6 36. Rd4 Ke5 37. Rb4 Kd5 38. Kd3 Ke5 39.
Ke3 h6 40. Rb5+ Ke6 41. Kf4 Ra6 42. h3 Rc6 43. Rb4 Ra6 44. Rc4 Rb6 45. Rxa4
Rxb2 46. Ra6+ Kf7 47. Kxf5 Rf2+ 48. Ke4 Kg6 49. a4 Re2+ 50. Kf3 Ra2 51. h4 Ra3+
52. Kg4 h5+ 53. Kh3 Ra2 54. Ra8 Ra3 55. a5 Ra4 56. a6 Ra3 57. Kg2 Ra2+ 58. Kf3
Ra3+ 59. Ke4 Ra4+ 60. Kd5 Ra1 61. Kc6 Rc1+ 62. Kb7 Rb1+ 63. Ka7 Rb3 64. Rb8 Ra3
65. Rb5 Re3 66. Kb8 Re8+ 67. Kc7 Re7+ 68. Kd6 Re3 69. Ra5 Rd3+ 70. Kc5 Rxg3 71.
a7 Rc3+ 72. Kd4 Rc8 73. a8=Q Rxa8 74. Rxa8 Kf5 75. Rg8 Kf4 76. Kd5 1-0

[Event "32. Open Barbera del Valles 2009"]
[Site "Barbera del Valles ESP"]
[Date "2009.07.10"]
[Round "7.28"]
[White "Bardera Gil, Sergi"]
[Black "Ridameya Tatche, Jose Miguel"]
[Result "1-0"]
[WhiteElo "2033"]
[BlackElo "2123"]
[PlyCount "111"]
[EventDate "2009.07.04"]
[EventType "swiss"]
[EventRounds "9"]
[EventCountry "ESP"]
[Source "lmi"]
[SourceDate "2009.07.04"]

1. e4 e5 2. Nf3 Nc6 3. Bc4 Nf6 4. d3 Bc5 5. c3 d6 6. Nbd2 a6 7. Bb3 h6 8. Nf1
d5 9. Qe2 dxe4 10. dxe4 Qe7 11. Be3 O-O 12. Ng3 Bxe3 13. Qxe3 Na5 14. Bc2 Nc4
15. Qe2 Nd6 16. O-O Bg4 17. h3 Bxf3 18. Qxf3 Nh7 19. Rfe1 Rfe8 20. Rad1 Rad8
21. Bb3 Qf6 22. Qh5 Ng5 23. Re3 Ne6 24. Ne2 Qg5 25. Qxg5 Nxg5 26. f3 Ne6 27.
Rd5 Ng5 28. Red3 b6 29. Ng3 Nb7 30. Rd1 g6 31. h4 Nh7 32. Rd7 Rxd7 33. Rxd7 Nd6
34. Rxc7 Rd8 35. Rc6 Kg7 36. Rxb6 f5 37. Rxa6 f4 38. Ne2 Nf6 39. Ra7+ Kh8 40.
g3 g5 41. hxg5 hxg5 42. gxf4 gxf4 43. Kf2 Ndxe4+ 44. fxe4 Ng4+ 45. Ke1 f3 46.
Ng3 Ne3 47. Kf2 Ng4+ 48. Kxf3 Rd3+ 49. Kxg4 Rxg3+ 50. Kf5 Rg5+ 51. Ke6 Rg6+ 52.
Kxe5 Rg5+ 53. Kd4 Rg2 54. Ra8+ Kg7 55. e5 Rd2+ 56. Kc5 1-0

[Event "32. Open Barbera del Valles 2009"]
[Site "Barbera del Valles ESP"]
[Date "2009.07.10"]
[Round "7.29"]
[White "Brookes, Christopher"]
[Black "Rafols Albet, Josep"]
[Result "0-1"]
[WhiteElo "2046"]
[BlackElo "2105"]
[PlyCount "44"]
[EventDate "2009.07.04"]
[EventType "swiss"]
[EventRounds "9"]
[EventCountry "ESP"]
[Source "lmi"]
[SourceDate "2009.07.04"]

1. e4 e5 2. Nf3 Nf6 3. Nxe5 d6 4. Nf3 Nxe4 5. d4 d5 6. Bd3 Bd6 7. O-O O-O 8. c4
c6 9. cxd5 cxd5 10. Nc3 Bf5 11. Qc2 Nc6 12. a3 Rc8 13. Nxe4 dxe4 14. Bxe4 Nxd4
15. Qd3 Nxf3+ 16. Qxf3 Qh4 17. Re1 Bxe4 18. Qxe4 Rce8 19. Qxe8 Qxh2+ 20. Kf1
Qh1+ 21. Ke2 Rxe8+ 22. Be3 Qxg2 0-1

[Event "32. Open Barbera del Valles 2009"]
[Site "Barbera del Valles ESP"]
[Date "2009.07.11"]
[Round "8.1"]
[White "Mestre Bellido, Hector"]
[Black "Cuartas, Jaime Alexander"]
[Result "1/2-1/2"]
[WhiteElo "2292"]
[BlackElo "2521"]
[PlyCount "63"]
[EventDate "2009.07.04"]
[EventType "swiss"]
[EventRounds "9"]
[EventCountry "ESP"]
[Source "lmi"]
[SourceDate "2009.07.04"]

1. e4 c6 2. d4 d5 3. exd5 cxd5 4. Bd3 Nc6 5. c3 g6 6. Bf4 Nh6 7. Nf3 Bf5 8.
Bxh6 Bxh6 9. Bxf5 gxf5 10. Nbd2 e6 11. Qe2 Qc7 12. O-O-O O-O-O 13. Kb1 Kb8 14.
Ne5 Nxe5 15. Qxe5 Qxe5 16. dxe5 Rdg8 17. g3 Bxd2 18. Rxd2 h5 19. Rc1 b5 20. Rd4
Rg4 21. f3 Rxd4 22. cxd4 Kb7 23. Kc2 h4 24. g4 Rc8+ 25. Kb1 Rxc1+ 26. Kxc1 f4
27. b4 h3 28. Kc2 Kb6 29. Kb3 a6 30. Kc3 a5 31. Kb3 a4+ 32. Kc3 1/2-1/2

[Event "32. Open Barbera del Valles 2009"]
[Site "Barbera del Valles ESP"]
[Date "2009.07.11"]
[Round "8.2"]
[White "Balogh, Csaba"]
[Black "Lopez Martinez, Josep Manuel"]
[Result "1-0"]
[WhiteElo "2595"]
[BlackElo "2555"]
[PlyCount "87"]
[EventDate "2009.07.04"]
[EventType "swiss"]
[EventRounds "9"]
[EventCountry "ESP"]
[Source "lmi"]
[SourceDate "2009.07.04"]

1. e4 e5 2. Nf3 Nc6 3. Bb5 Nf6 4. O-O Nxe4 5. d4 Nd6 6. Bxc6 dxc6 7. dxe5 Nf5
8. Qxd8+ Kxd8 9. Nc3 Ke8 10. h3 h5 11. Bf4 Be7 12. Rad1 Be6 13. Ng5 h4 14. Nxe6
fxe6 15. Ne4 Rh5 16. Kh2 b6 17. g4 hxg3+ 18. fxg3 Rh8 19. g4 Nh4 20. Ng5 Bxg5
21. Bxg5 Ng6 22. Kg3 Rf8 23. h4 Rxf1 24. Rxf1 c5 25. h5 Nxe5 26. Re1 Nc4 27.
Rxe6+ Kf8 28. b3 Nd6 29. Re7 Rc8 30. Rd7 c4 31. Bf4 cxb3 32. cxb3 Ne4+ 33. Kf3
Nc5 34. Rxc7 Rxc7 35. Bxc7 Kf7 36. Bd6 Nd7 37. Kf4 b5 38. g5 Ke6 39. Ba3 a5 40.
Bb2 Kf7 41. Bd4 Nb8 42. Ke4 Na6 43. Bc3 Nc7 44. g6+ 1-0

[Event "32. Open Barbera del Valles 2009"]
[Site "Barbera del Valles ESP"]
[Date "2009.07.11"]
[Round "8.6"]
[White "Vassallo Barroche, Mauricio"]
[Black "Sundararajan, Kidambi"]
[Result "1/2-1/2"]
[WhiteElo "2409"]
[BlackElo "2506"]
[PlyCount "91"]
[EventDate "2009.07.04"]
[EventType "swiss"]
[EventRounds "9"]
[EventCountry "ESP"]
[Source "lmi"]
[SourceDate "2009.07.04"]

1. Nf3 Nf6 2. g3 d5 3. Bg2 c6 4. O-O Bg4 5. b3 Nbd7 6. Bb2 e6 7. d3 Bd6 8. Nbd2
O-O 9. e4 e5 10. Qe1 Re8 11. h3 Bh5 12. Nh4 a5 13. a3 Qc7 14. Bf3 Bg6 15. Nxg6
hxg6 16. Kg2 Nc5 17. Rh1 dxe4 18. dxe4 b5 19. h4 Ne6 20. c3 Rad8 21. Bd1 Bc5
22. b4 Bb6 23. Nf3 c5 24. Ng5 axb4 25. axb4 cxb4 26. Bb3 Ng4 27. Rf1 Nxg5 28.
hxg5 Qe7 29. cxb4 Qxg5 30. Bc1 Qe7 31. Qe2 Nf6 32. Bg5 Qxb4 33. Bxf6 gxf6 34.
Rab1 Qe7 35. Qxb5 Bd4 36. Bd5 Kg7 37. Qd3 Rb8 38. Rxb8 Rxb8 39. Rb1 Rxb1 40.
Qxb1 Qd7 41. Qb7 Qe8 42. Qc7 f5 43. Qc6 Qe7 44. Qb7 Qf6 45. Qc6 Qe7 46. Qb7
1/2-1/2

[Event "32. Open Barbera del Valles 2009"]
[Site "Barbera del Valles ESP"]
[Date "2009.07.11"]
[Round "8.9"]
[White "Fenollar Jorda, Manuel"]
[Black "Mihailovs, Jurijs"]
[Result "1/2-1/2"]
[WhiteElo "2341"]
[BlackElo "2408"]
[PlyCount "96"]
[EventDate "2009.07.04"]
[EventType "swiss"]
[EventRounds "9"]
[EventCountry "ESP"]
[Source "lmi"]
[SourceDate "2009.07.04"]

1. d4 Nf6 2. Nf3 g6 3. Bg5 Ne4 4. Bh4 Bg7 5. Nbd2 d5 6. e3 Nd6 7. c4 dxc4 8.
Nxc4 O-O 9. Rc1 Be6 10. Nxd6 cxd6 11. b3 Nc6 12. Qd2 Bf5 13. Bd3 Bxd3 14. Qxd3
Qa5+ 15. Qd2 Qd5 16. O-O h6 17. Rfe1 f5 18. h3 Rac8 19. Rc2 g5 20. Bg3 Qe4 21.
Rec1 Rcd8 22. Rd1 Rc8 23. Rdc1 Rcd8 24. b4 a6 25. a4 e5 26. d5 Ne7 27. Rc7 Rf7
28. Nxg5 hxg5 29. Rxe7 f4 30. Rxf7 Kxf7 31. exf4 exf4 32. f3 Bd4+ 33. Bf2 Bxf2+
34. Kxf2 Qf5 35. Rc7+ Rd7 36. Qc2 Qxc2+ 37. Rxc2 Re7 38. Rc4 Kf6 39. h4 Re5 40.
Rd4 b5 41. a5 Kf5 42. g4+ fxg3+ 43. Kxg3 gxh4+ 44. Rxh4 Rxd5 45. Rh5+ Ke6 46.
Rh3 Kf5 47. Rh5+ Ke6 48. Rh3 Kf5 1/2-1/2

[Event "32. Open Barbera del Valles 2009"]
[Site "Barbera del Valles ESP"]
[Date "2009.07.11"]
[Round "8.10"]
[White "Guramishvili, Sopiko"]
[Black "Bacallao Alonso, Yusnel"]
[Result "0-1"]
[WhiteElo "2339"]
[BlackElo "2467"]
[PlyCount "70"]
[EventDate "2009.07.04"]
[EventType "swiss"]
[EventRounds "9"]
[EventCountry "ESP"]
[Source "lmi"]
[SourceDate "2009.07.04"]

1. d4 Nf6 2. c4 g6 3. Nc3 d5 4. Bg5 Ne4 5. Bh4 Nxc3 6. bxc3 dxc4 7. e3 Be6 8.
Nf3 Bg7 9. Rb1 Nd7 10. Be2 Rb8 11. Qc2 b5 12. Ng5 Bd5 13. e4 Ba8 14. O-O O-O
15. a4 a6 16. axb5 axb5 17. Rfd1 Nf6 18. d5 c6 19. Bg3 cxd5 20. Bxb8 Qxb8 21.
exd5 Nxd5 22. Ne4 Rc8 23. Qa2 Qf4 24. Qa6 Rf8 25. Bf3 Nxc3 26. Nxc3 Bxf3 27.
gxf3 Bxc3 28. Qxb5 Be5 29. Re1 Qxh2+ 30. Kf1 Rb8 31. Rxe5 Qh1+ 32. Ke2 Qxb1 33.
Qxb1 Rxb1 34. Rxe7 Rb3 35. Rc7 Rc3 0-1

[Event "32. Open Barbera del Valles 2009"]
[Site "Barbera del Valles ESP"]
[Date "2009.07.11"]
[Round "8.11"]
[White "Fluvia Poyatos, Jordi"]
[Black "Massoni, Michael"]
[Result "1-0"]
[WhiteElo "2449"]
[BlackElo "2291"]
[PlyCount "87"]
[EventDate "2009.07.04"]
[EventType "swiss"]
[EventRounds "9"]
[EventCountry "ESP"]
[Source "lmi"]
[SourceDate "2009.07.04"]

1. e4 c5 2. Nc3 d6 3. Nge2 a6 4. d4 cxd4 5. Nxd4 Nf6 6. Bg5 Nbd7 7. f4 g6 8.
Qe2 Qa5 9. Nb3 Qc7 10. O-O-O Bg7 11. g3 h6 12. Bh4 Nb6 13. Bg2 Bg4 14. Bf3 Bxf3
15. Qxf3 Nh7 16. g4 Bxc3 17. Qxc3 Qxc3 18. bxc3 Rc8 19. Bf2 Na4 20. Bd4 f6 21.
e5 dxe5 22. fxe5 Nxc3 23. Rde1 Kf7 24. Kb2 Nd5 25. h4 Rhd8 26. Rhf1 Rc4 27. c3
b5 28. a3 Rc6 29. Na5 Rcc8 30. Nb7 Rh8 31. exf6 Ndxf6 32. g5 hxg5 33. hxg5 Rc6
34. gxf6 exf6 35. Nc5 g5 36. Nd7 Kg6 37. Re7 Rd8 38. Nc5 Nf8 39. Ne4 Nd7 40.
Nxg5 fxg5 41. Rg7+ Kh5 42. Rg1 Nb6 43. R7xg5+ Kh6 44. Bg7+ 1-0

[Event "32. Open Barbera del Valles 2009"]
[Site "Barbera del Valles ESP"]
[Date "2009.07.11"]
[Round "8.12"]
[White "Vehi Bach, Victor Manuel"]
[Black "Kulkarni, Chinmay"]
[Result "0-1"]
[WhiteElo "2387"]
[BlackElo "2259"]
[PlyCount "80"]
[EventDate "2009.07.04"]
[EventType "swiss"]
[EventRounds "9"]
[EventCountry "ESP"]
[Source "lmi"]
[SourceDate "2009.07.04"]

1. e4 c5 2. Nf3 e6 3. d4 cxd4 4. Nxd4 Nf6 5. Nc3 d6 6. Be3 Be7 7. g4 h6 8. Bg2
a6 9. h3 g5 10. Qe2 Qc7 11. O-O-O Nbd7 12. Kb1 Ne5 13. f4 gxf4 14. Bxf4 Bd7 15.
Nf3 Bc6 16. Rhf1 Nfd7 17. Qf2 O-O-O 18. Nxe5 dxe5 19. Be3 f6 20. Bf3 b5 21. Ne2
Kb7 22. Ng3 Ka8 23. Rd2 Rb8 24. Rfd1 Nb6 25. Bc5 Nc4 26. Rd3 Rhc8 27. Rc3 Be8
28. Bxe7 Qxe7 29. Rcd3 b4 30. Be2 Ba4 31. Rc1 Qc7 32. Bd1 b3 33. axb3 Nxb2 34.
Kxb2 Bxb3 35. cxb3 Qxc1+ 36. Ka2 Rc4 37. Qd2 Ra4+ 38. bxa4 Qb1+ 39. Ka3 Qa1+
40. Qa2 Qc1+ 0-1